| 000 | 00739nam a2200265Ia 4500 | ||
|---|---|---|---|
| 001 | Para_7167 | ||
| 003 | CHAP | ||
| 008 | 220125s1949 xx 000 0 und d | ||
| 010 | _a206053 | ||
| 040 | _cCHAP | ||
| 090 | _aPA R-11 | ||
| 100 |
_aWelch, D.S. _9121411 |
||
| 245 |
_aThe cause and treatment of cavities in trees / _c by D.S. Welch |
||
| 260 |
_aIthaca, N.Y. : _b Cornell University |
||
| 300 | _a6 p. | ||
| 500 | _aSobretiro de: Proccedings of 25th National Shade Tree Conference, 1949 | ||
| 650 |
_aArboles _x enfermedades _982436 |
||
| 901 | _aPA R-11 | ||
| 902 | _aA | ||
| 905 | _a0000001949 0000000000 00 | ||
| 910 | _a1949 | ||
| 942 | _cPARA | ||
| 942 |
_cPARA _d1 |
||
| 999 |
_c206053 _d206053 |
||